000 00376cam a22001217a 4500
008 180718b1985 xxu||||| |||| 00| 0 eng d
082 _aA81x54 In2/81/4/Pt 2 B
100 _aCensus of India 1981
245 _aBihar: primary census abstract
260 _aDelhi
_bController of Publications
_c1985
300 _a633+p.
440 _aCensus of India 1981. Series-4, Bihar. Part II-B
999 _c481968
_d481968